000 01642nam a2200397 c 4500
001 51840
003 ES-MaCES
005 20220307141939.0
008 210629s2020 sp 000 | spa d
020 _a9788418349706
040 _aES-MaCES
_bspa
_cES-MaCES
245 0 0 _aDocumentos sobre el impacto de las nuevas tecnologías en la gestión de las personas y en las relaciones laborales
_b: organizaciones ágiles, negociación colectiva y nuevas tecnologías, protección de datos y relación laboral, aprendizaje continuo: Proyecto Tecnos II
_cInstituto Cuatrecasas de Estrategia Legal en RRHH
250 _a1ª ed
260 _aMadrid
_bWolters Kluwer-La Ley
_c2020
300 _a269 p.
_c25 cm
490 1 _aLa Ley
490 1 _aColección Proyecto Technos II
541 _cGratuito
650 4 _anuevas tecnologías
_930788
650 4 _acambio tecnológico
_928236
650 4 _aevaluación del impacto
_930732
650 4 _aadministración de recursos humanos
_930474
650 4 _aadministración de personal
_928216
650 4 _anegociación colectiva
_928362
650 4 _arelaciones laborales
_928369
650 4 _aplanificación corporativa
_930332
650 4 _aprotección de los datos
_929496
650 4 _aformación profesional permanente
_929931
650 4 _arepertorio de recomendaciones prácticas
_929261
650 4 _aevaluación de proyectos
_926660
653 1 0 _aRelaciones laborales-Empleo
710 2 _94236
_aInstituto Internacional Cuatrecasas de Estrategia Legal en Recursos Humanos
830 0 _aColección Proyecto Technos
_940209
902 _aLIB Libro
942 _2CES
_cBK
_h2.0.
999 _c51840
_d51840